Państwa kończące się na -ja - Statystyki

Ogólne statystyki
  • Ten quiz został rozwiązany 58 razy
  • Średni wynik to 8 z 12
Statystyki odpowiedzi
Kontynent Państwo % Poprawnych
Europa Grecja
91%
Europa Szwecja
87%
Europa Francja
85%
Azja Indonezja
74%
Europa Słowacja
74%
Europa Chorwacja
70%
Azja Malezja
68%
Azja Gruzja
60%
Azja Rosja
60%
Azja Turcja
60%
Oceania Mikronezja
57%
Afryka Tunezja
51%
Nie znaleziono quizów pasujących do podanych kryteriów
Rozkład punktacji
Procent ludzi z każdym wynikiem
Percentyl według liczby udzielonych odpowiedzi
Twoja historia wyników
Nie rozwiązałeś tego quizu